ბათუმის შოთა რუსთაველის სახელმწიფო უნივერსიტეტის ბიბლიოთეკა

Курс высшей математики. (ბიბ.ჩანაწერი № 39002)

000 -LEADER
fixed length control field 00638nam a2200217Ia 4500
001 - CONTROL NUMBER
control field 5477
003 - CONTROL NUMBER IDENTIFIER
control field GE_BSU
008 - FIXED-LENGTH DATA ELEMENTS--GENERAL INFORMATION
fixed length control field 181216s||||||||xx |||||||||||||| ||und||
040 ## - CATALOGING SOURCE
Transcribing agency GE_BSU
080 ## - UNIVERSAL DECIMAL CLASSIFICATION NUMBER
Universal Decimal Classification number 517
100 ## - MAIN ENTRY--PERSONAL NAME
Personal name Игнатьева А.В. Краснощёкова Т.И. Смирнов В.Ф.
245 ## - TITLE STATEMENT
Title Курс высшей математики.
245 ## - TITLE STATEMENT
Remainder of title Изд. 2-Е.
245 ## - TITLE STATEMENT
Statement of responsibility, etc. Под ред. П.И.Романовского.
260 ## - PUBLICATION, DISTRIBUTION, ETC.
Place of publication, distribution, etc. Москва
260 ## - PUBLICATION, DISTRIBUTION, ETC.
Name of publisher, distributor, etc. Высшая школа
260 ## - PUBLICATION, DISTRIBUTION, ETC.
Date of publication, distribution, etc. 1968
300 ## - PHYSICAL DESCRIPTION
Extent 691 с. 27 см.
653 ## - INDEX TERM--UNCONTROLLED
Uncontrolled term Курс высшей математики.
942 ## - ADDED ENTRY ELEMENTS (KOHA)
Koha item type წიგნი
ეგზემპლარები
Withdrawn status Lost status Damaged status Not for loan Date acquired Barcode Date last seen Price effective from Koha item type Public note
        2018-12-17 16403 2018-12-17 2018-12-17 წიგნი დარბაზი